000 01948nam a2200553 i 4500
001 20474
003 KOSZ 005
005 20221123103954.0
008 991116s1982 pl a |001 0 pol
015 _aUWD 1982/2284
020 _a8320403979
035 _a991011971819705066
035 _a(PL-WaBN)b13247141-48omnis_nlop
035 _ab13247141
035 _a(OCoLC)750504939
035 _axx001598798
035 _a(PL)b0000001324714
035 _a(EXLNZ-48OMNIS_NETWORK)9910396318305606
040 _aWA N
_cWA N
_dKOSZ 005/HR
041 1 _apol
_heng
046 _k1982
080 _a621.3.037.37
080 _a621.391
080 _a534.86
245 0 0 _aSygnały cyfrowe :
_bprzetwarzanie i zastosowania /
_cpod red. Alana V. Oppenheima ; z ang. tł. Andrzej Lizoń, Maria Tajchert, Ewa Adamowicz.
246 1 _iTyt. oryg.:
_aApplications of digital :
_bsignal processing,
_f1978
260 _aWarszawa :
_bWydawnictwa Naukowo-Techniczne,
_c1982.
300 _a218, [2] s. :
_bil. wykr. ;
_c24 cm.
336 _aTekst
_btxt
_2rdacontent
337 _aBez urządzenia pośredniczącego
_bn
_2rdamedia
338 _aWolumin
_bnc
_2rdacarrier
380 _aKsiążki
388 _a1901-2000
388 _a1945-1989
504 _aBibliogr. przy rozdz.. - Indeks.
650 7 _aElektroakustyka
_2DBN
650 7 _aPrzetwarzanie danych
_2DBN
650 7 _aTransmisja danych
_2DBN
650 7 _aUkład cyfrowy
_2DBN
658 _aInżynieria i technika
700 1 _aBugańska-Adamowicz, Ewa
_eTłumaczenie
700 1 _aLizoń, Andrzej
_eTłumaczenie
700 1 _aOppenheim, Alan V.
_eRedakcja
700 1 _aTajchert, Maria
_eTłumaczenie
710 2 _aWydawnictwa Naukowo-Techniczne
_4pbl
856 _uhttp://koha.tu.koszalin.pl/cgi-bin/koha/opac-detail.pl?biblionumber=20474
_yKatalog online BPK
942 _2UKD
_cKS
999 _c20474
_d20474